[Event "FRA-ch U08"]
[Site "Le Grand Bornand"]
[Date "2007.04.??"]
[Round "5"]
[White "Charrier, Arthur"]
[Black "Henches, Arnaud"]
[Result "1-0"]
[WhiteElo "1009"]
[BlackElo "1360"]
[PlyCount "39"]
[EventDate "2007.04.07"]
[EventType "swiss"]
[EventRounds "9"]
[EventCountry "FRA"]
[SourceTitle "CBM 118 Extra"]
[Source "ChessBase"]
[SourceDate "2007.07.04"]
[SourceVersion "1"]
[SourceVersionDate "2007.07.04"]
[SourceQuality "1"]

1. e4 e5 2. g3 Nf6 3. Bg2 Nc6 4. Nf3 Bc5 5. 0-0 d6 6. Nc3 Bg4 7. d3 h6 8. h3 Bh5 9. Be3 Bxe3 10. fxe3 g5 11. d4 g4 12. hxg4 Nxg4 13. dxe5 Nxe3 14. Qe2 Nxf1 15. Qxf1 dxe5 16. Qc4 Bxf3 17. Bxf3 Nd4 18. Bh5 Ne6 19. Qxe6+ Kf8 20. Qxf7# 1-0